Federalismo fiscale evoluzione e prospettive

Detalles Bibliográficos
Autor principal: Uricchio, Antonio
Formato: eBook
Lenguaje:italiano
Publicado: Bari : Cacucci Editore, 2013
Acceso en línea:Acceso restringido

MARC

LEADER 00000nam a22000007a 4500
005 20130502141638.0
007 cr|||| ||||
008 130502e2013 it |||||s|||| 00||0 ita d
020 |a 9788866112440 
035 |a 11228 
040 |a vLex 
090 |c 4240  |d 4240 
100 1 0 |a Uricchio, Antonio 
245 1 0 |a Federalismo fiscale  |b evoluzione e prospettive  |c / Antonio Uricchio   |h [Recurso electrn̤ico] 
256 |a Servicio en ln̕ea 
260 |a Bari :  |b Cacucci Editore,   |c 2013 
300 |a 1 Recurso electrn̤ico 
740 0 |a vLex Libros (Servicio en ln̕ea) 
856 4 0 |u http://vlex.com/source/11228  |z Acceso restringido 
942 |c BOOK 
999 0 |a Taxation